| 000 | 00709nam a2200217 a 4500 | ||
|---|---|---|---|
| 005 | 20240911064204.0 | ||
| 008 | 991125s1998 mx 000 0 spa u | ||
| 020 | _a9682311276 | ||
| 035 | _aUPN01000006633 | ||
| 049 | _aCG | ||
| 050 | 4 |
_aHX39.5 _bM3.28 1998 |
|
| 100 | 1 |
_aMandel, Ernest, _d1923-1995 _929112 |
|
| 245 | 1 | 3 |
_aEl capital : _bcien años de controversias en torno a la obra de Karl Marx / _cErnest Mandel ; tr. de Adriana Sandoval. |
| 250 | _a2a ed. | ||
| 260 |
_aMéxico : _bSiglo XXI, _c1998. |
||
| 300 | _a242 p. | ||
| 440 | 0 |
_aBiblioteca del pensamiento socialista. _pEstudios críticos |
|
| 600 | 1 | 4 |
_aMARX, KARL, _d1818-1883. _tDAS KAPITAL _927322 |
| 650 | 4 |
_aCapital _96307 |
|
| 905 | _aLibro | ||
| 999 |
_c6633 _d6633 |
||